Software Open Access
<?xml version='1.0' encoding='UTF-8'?>
<record xmlns="http://www.loc.gov/MARC21/slim">
<leader>00000nmm##2200000uu#4500</leader>
<datafield tag="653" ind1=" " ind2=" ">
<subfield code="a">HamNoSys</subfield>
</datafield>
<datafield tag="653" ind1=" " ind2=" ">
<subfield code="a">font</subfield>
</datafield>
<datafield tag="653" ind1=" " ind2=" ">
<subfield code="a">keyboard layout</subfield>
</datafield>
<datafield tag="653" ind1=" " ind2=" ">
<subfield code="a">Unicode</subfield>
</datafield>
<controlfield tag="005">20250915073921.0</controlfield>
<datafield tag="024" ind1=" " ind2=" ">
<subfield code="a">10.25592/uhhfdm.9725</subfield>
<subfield code="2">doi</subfield>
</datafield>
<datafield tag="909" ind1="C" ind2="O">
<subfield code="o">oai:fdr.uni-hamburg.de:9725</subfield>
<subfield code="p">user-sign-lang</subfield>
<subfield code="p">user-uhh</subfield>
</datafield>
<datafield tag="041" ind1=" " ind2=" ">
<subfield code="a">eng</subfield>
</datafield>
<datafield tag="773" ind1=" " ind2=" ">
<subfield code="a">10.25592/uhhfdm.9724</subfield>
<subfield code="i">isVersionOf</subfield>
<subfield code="n">doi</subfield>
</datafield>
<datafield tag="540" ind1=" " ind2=" ">
<subfield code="u">https://creativecommons.org/licenses/by/4.0/legalcode</subfield>
<subfield code="a">Creative Commons Attribution 4.0 International</subfield>
</datafield>
<datafield tag="100" ind1=" " ind2=" ">
<subfield code="a">Hanke, Thomas</subfield>
<subfield code="u">Universität Hamburg</subfield>
<subfield code="0">(orcid)0000-0001-7356-8973</subfield>
</datafield>
<datafield tag="520" ind1=" " ind2=" ">
<subfield code="a"><p>The HamNoSys package consists of three parts:</p>
<ul>
<li>HamNoSys Unicode font</li>
<li>HamNoSys Keyboard layout (macOS only)</li>
<li>HamNoSys Palette App</li>
</ul>
<p>The documentation folder contains the macOS keyboard layout in different formats. The layout is also available as a menu item in the Palette app.</p>
<p>The HamNoSys handshapes chart is available as a menu item in the app as well. If you want to try it in a web browser, you find the German and English version in this distribution.</p>
<p>To install on macOS:</p>
<p>Select &ldquo;Go to folder&hellip;&rdquo; from the Finder&#39;s &ldquo;Go&rdquo; menu. Type in&nbsp;<code>/Library/Fonts/</code>&nbsp;and click on &ldquo;Open&rdquo;.</p>
<p>The Fonts folder opens. Drag the file&nbsp;<code>HamNoSysUnicode.ttf</code>&nbsp;here. (You may be asked to provide an administrator&#39;s password to get this done.)</p>
<p>Now switch to the enclosing folder (called&nbsp;<code>Library</code>) by choosing &ldquo;Enclosing Folder&rdquo; from the Finder&#39;s &ldquo;Go&rdquo; menu.</p>
<p>Within that folder, you should find a subfolder called&nbsp;<code>Keyboard Layouts</code>. If it does not exist, create it.</p>
<p>Move the file&nbsp;<code>HamNoSys.bundle</code>&nbsp;into that folder.</p>
<p>Finally, move the&nbsp;<code>HamNoSys Palette.app</code>&nbsp;into the&nbsp;<code>Programs</code>&nbsp;folder.</p>
<p>(If you prefer, you can also install to&nbsp;<code>~/Library/Fonts</code>&nbsp;and&nbsp;<code>~/Library/Keyboard Layouts</code>, in which case the font and the keyboard layout are only available to the currently logged-in user.)</p>
<p>Open the System Preferences and switch to Keyboard. Select the &ldquo;Input Sources&rdquo; tab and select &ldquo;Show Input menu in menu bar&rdquo;.</p>
<p>Now click the &ldquo;+&rdquo; button in the bottom left of the window. Choose &ldquo;Others&rdquo; in the left pane, and then &ldquo;HamNoSys&rdquo; on the right. Click &ldquo;Add&rdquo;.</p>
<p>Now you find the HamNoSys key layout in Input menu in the right part of the menu bar. (You can also rotate through the active keyboards by pressing command-space and keeping the command pressed.)</p>
<p>(In older versions of macOS you find the Input Sources in the &rdquo;Language and Text&rdquo; or &ldquo;International&rdquo; system preference.)</p>
<p>Now you can launch the app HamNoSys Palette.</p>
<p>In the HamNoSys window, you can type a HamNoSys string.</p>
<p>If you are familiar with the HamNoSys keyboard layout, switch to it with cmd-space or choose HamNoSys from the Input Menu. Otherwise, just click on the five-fingers button to open the palette of HamNoSys symbols. The symbols are distributed over six panels corresponding to the context they are most often used in.</p>
<p>If you have entered a valid HamNoSys string, you may want to check it by sending it to the avatar: Just click on the avatar button once you have launched the SiGML Service Player. (If you have not yet installed the JASigning avatar player, you find it at&nbsp;<code>http://vh.cmp.uea.ac.uk/index.php/JASigning</code>.)</p>
<p>Via the &ldquo;File&rdquo; menu, you can open the HamNoSys Handshapes chart as well as a table of all HamNoSys characters.</p>
<p>To install on Windows:</p>
<p>Move the&nbsp;<code>HamNoSys Palette</code>&nbsp;folder to your Applications folder. To start the program, open&nbsp;<code>HamNoSys Palette.exe</code>&nbsp;within that folder.</p>
<p>To install on Linux:</p>
<p>Movie the&nbsp;<code>HamNoSys Palette</code>&nbsp;folder to your Applications folder. To start the program, open&nbsp;<code>HamNoSys Palette</code>&nbsp;within that folder.</p>
<p>Web font</p>
<p>In the folder&nbsp;<code>web</code>&nbsp;you find the HamNoSys font in the usual webfont formats as well as a css style sheet showing how to use them. The HamNoSysInput.html shows the same layout as the palette app on a web page, but cannot command the avatar.</p>
<p>Changing the keys in the HamNoSys Palette app</p>
<p>If you want to add more keys to the palette or just re-arrange the existing ones, that is easy to achieve. In the&nbsp;<code>Preferences</code>&nbsp;folder, you find the file <code>de.uni-hamburg.sign-lang.hamnosys-palette-layout.txt</code>. Open it with any text editor.</p>
<p>The first line is a scaling factor applying to all button sizes and positions.</p>
<p>All the other lines define one button each, they consist of three numbers and a text, separated by tabs.</p>
<ul>
<li>The first column is the panel the button shall appear on (numbered from left to right starting with 1).</li>
<li>The second and third column are the x and y coordinate of the button.</li>
<li>The fourth column is the names of the HamNoSys characters to be assigned to the button, separated by commas.</li>
</ul>
<p>In case of any problems, please contact us at&nbsp;<a href="mailto:hamnosys-helpdesk@sign-lang.uni-hamburg.de">hamnosys-helpdesk@sign-lang.uni-hamburg.de</a>.</p>
<p>&nbsp;</p>
<p>Copyright 1989-2022 Universit&auml;t Hamburg</p></subfield>
</datafield>
<datafield tag="542" ind1=" " ind2=" ">
<subfield code="l">open</subfield>
</datafield>
<datafield tag="980" ind1=" " ind2=" ">
<subfield code="a">software</subfield>
</datafield>
<datafield tag="245" ind1=" " ind2=" ">
<subfield code="a">HamNoSys</subfield>
</datafield>
<datafield tag="980" ind1=" " ind2=" ">
<subfield code="a">user-sign-lang</subfield>
</datafield>
<datafield tag="980" ind1=" " ind2=" ">
<subfield code="a">user-uhh</subfield>
</datafield>
<datafield tag="650" ind1="1" ind2="7">
<subfield code="a">cc-by</subfield>
<subfield code="2">opendefinition.org</subfield>
</datafield>
<datafield tag="856" ind1="4" ind2=" ">
<subfield code="s">132617</subfield>
<subfield code="u">https://www.fdr.uni-hamburg.de/record/9725/files/00_Preview.pdf</subfield>
<subfield code="z">md5:e8bd79ce4d9ecc67ae7c0b9b6154d9b2</subfield>
</datafield>
<datafield tag="856" ind1="4" ind2=" ">
<subfield code="s">160648330</subfield>
<subfield code="u">https://www.fdr.uni-hamburg.de/record/9725/files/hamnosys_4_1_7.zip</subfield>
<subfield code="z">md5:a9df7c34b0a4e70abf404ed50e36e912</subfield>
</datafield>
<datafield tag="260" ind1=" " ind2=" ">
<subfield code="c">2021-12-03</subfield>
</datafield>
<controlfield tag="001">9725</controlfield>
</record>